000 01050nam a2200193 a 4500
008 090709s2002 ||||||||||||||||| || u
050 _aGOV.ZAM(02)2002/7A
110 _aGovernment of the Republic of Zambia (GRZ)
245 1 0 _aRepublic of Zambia transport policy
260 _aLusaka
_bMinistry of Communications and Transport
_c2002
300 _a47p.
350 _a0.00
650 _aTRANSPORTATION--ZAMBIA
650 _aURBAN TRANSPORTATION POLICY--ZAMBIA
710 _aGovernment of the Republic of Zambia. Ministry of Communications and Transport
995 _aSPECIAL COLLECTIONS
_D0.00
_e03004367
_FCBU-MAIN LIBRARY (Kitwe)
_H1
_I0.00
_jGOV.ZAM(02)2002/7A
_M1
_UAVAILABLE
_WJul 9, 2009
_y03004367
_ZZambiana Collection
995 _aSPECIAL COLLECTIONS
_D0.00
_e03006692
_FCBU-MAIN LIBRARY (Kitwe)
_H1
_I0.00
_jGOV.ZAM(02)2002/7B
_M2
_UAVAILABLE
_WJun 28, 2010
_y03006692
_ZZambiana Collection
995 _aSPECIAL COLLECTIONS
_D0.00
_e03006693
_FCBU-MAIN LIBRARY (Kitwe)
_H1
_I0.00
_jGOV.ZAM(02)2002/7C
_M3
_UAVAILABLE
_WJun 28, 2010
_y03006693
_ZZambiana Collection
999 _c80131
_d80131